| 000 | 01081cam a2200337 i 4500 | ||
|---|---|---|---|
| 001 | 19195 | ||
| 003 | BD-RjUL | ||
| 005 | 20211209000410.0 | ||
| 008 | 140223s1980 nyua b 001 0 eng | ||
| 020 | _a0070661898 | ||
| 020 | _a0070067406 | ||
| 035 | _a(OCoLC)4983104 | ||
| 035 | _a(BD-RjUL)19253 | ||
| 035 | _a(NNC)19866 | ||
| 040 |
_dNNC _aBD-RjUL _beng _cBD-RjUL |
||
| 041 | _aeng | ||
| 082 |
_a658.87 _bMAN 1980 _223 |
||
| 245 | 1 | 0 |
_aManagement in marketing channels / _cDonald J. Bowersox ... [et al.]. |
| 250 | _aInternational student ed. | ||
| 260 |
_aNew York : _bMcGraw-Hill, _cc1980. |
||
| 300 |
_aviii, 390 p. : _bill. ; _c24 cm. |
||
| 490 | 1 | _aMcGraw-Hill series in marketing | |
| 504 | _aIncludes Bibliography: p. 369-383 and index. | ||
| 650 | 0 |
_aMarketing channels _xManagement. _948313 |
|
| 650 | 0 |
_aMarketing _xManagement. _959055 |
|
| 650 | 0 |
_aMarketing _xManagement _vCase studies. _948055 |
|
| 700 | 1 |
_aDonald J. Bowersox ...[et al.] _946907 |
|
| 830 | 0 |
_aMcGraw-Hill series in marketing. _9125998 |
|
| 942 |
_2ddc _cBK |
||
| 999 |
_c19195 _d19195 |
||